| 000 | 00549nam a2200181 a 4500 | ||
|---|---|---|---|
| 005 | 20140311163022.0 | ||
| 008 | 070918s19uu xx 00 eng d | ||
| 020 | _a1844480461 | ||
| 050 |
_aND 2465 _b.Sa56 2005 |
||
| 100 | _aSanders, Michael | ||
| 245 |
_aPainting with Gouache : _blearn how to create beautiful paintings / _cMichael Sanders |
||
| 260 |
_aGreat Britain : _bSearch Press Limited, _c2005. |
||
| 300 |
_a48 p. : _bill. col. ; _c25 cm. |
||
| 521 | _aMA | ||
| 650 |
_aPainting _xTechniques. |
||
| 942 |
_cBK _2lcc _kFOR |
||
| 999 |
_c39487 _d39487 |
||